000 01402cam a2200385 ab4500
999 _c3642
_d3642
001 1621351
003 OSt
005 20240319110616.0
008 190711s2018 enka g 001 0 eng d
020 _a9781474942997
_q(hbk.) :
040 _aKML
_beng
_cKML
_eaacr2
_dKH8
041 0 _aeng
042 _anbic
082 0 _a004 JAM
100 1 _aJames, Alice.
_eauthor
245 1 0 _a100 things to know about numbers, computers & coding /
_cwritten by Alice James etc. ; illustrated by Federico Mariani, Parko Polo and Shaw Nielsen.
246 3 _a100 things to know about numbers, computers and coding.
246 3 _aOne hundred things to know about numbers, computers & coding.
246 3 _aNumbers, computers and coding.
260 _aLondon :
_bUsborne Publishing Ltd.,
_c2018.
300 _a127 p. :
_bcol. ill. ;
_c25 cm.
490 1 _a100 things to know about.
500 _aIncludes index.
650 0 _aComputers
_xHistory
_vJuvenile literature.
650 0 _aComputer engineering
_vJuvenile literature.
650 0 _aCoding theory
_vJuvenile literature.
650 0 _aComputer programming
_vJuvenile literature.
650 0 _aComputer science
_vJuvenile literature.
650 0 _aNumbers, Natural
_vJuvenile literature.
700 1 _aMariani, Federico,
_d1974-
700 1 _aPolo, Parko.
700 1 _aNielsen, Shaw.
830 0 _a100 things to know about.
942 _2ddc
_cNFIC